000
00329nam a2200145Ia 4500
100
_a
Graf R.F.
942
_c
BK
654
_a
Encyclopedia electronics
245
_a
Encyclopedia of Electronic Circuits
260
_b
B.B.P.
_a
New Delhi
_c
1989
082
_a
621.38103 GRA
300
_a
760
546
_a
ENGLISH
999
_c
32148
_d
32148